A Little Book of Profitable Tales (Record no. 238741)
[ view plain ]
| 000 -LEADER | |
|---|---|
| fixed length control field | 01166cam a22002413a 4500 |
| 001 - CONTROL NUMBER | |
| control field | 9485 |
| 003 - CONTROL NUMBER IDENTIFIER | |
| control field | PGUSA |
| 005 - DATE AND TIME OF LATEST TRANSACTION | |
| control field | 20140828083212.0 |
| 008 - FIXED-LENGTH DATA ELEMENTS--GENERAL INFORMATION | |
| fixed length control field | 051201s2005||||xxu|||||s|||||000 | eng d |
| 040 ## - CATALOGING SOURCE | |
| Original cataloging agency | PGUSA |
| Language of cataloging | eng |
| 042 ## - AUTHENTICATION CODE | |
| Authentication code | dc |
| 050 #4 - LIBRARY OF CONGRESS CALL NUMBER | |
| Classification number | PS |
| 100 1# - MAIN ENTRY--PERSONAL NAME | |
| Personal name | Field, Eugene, |
| Dates associated with a name | 1850-1895 |
| 245 12 - TITLE STATEMENT | |
| Title | A Little Book of Profitable Tales |
| Medium | [electronic resource] / |
| Statement of responsibility, etc | Eugene Field |
| 260 ## - PUBLICATION, DISTRIBUTION, ETC. (IMPRINT) | |
| Name of publisher, distributor, etc | Project Gutenberg, |
| Date of publication, distribution, etc | 2005 |
| 505 0# - FORMATTED CONTENTS NOTE | |
| Formatted contents note | The first Christmas tree -- The symbol and the saint -- The coming of the prince -- The mouse and the moonbeam -- The divell's Chrystmasse -- The mountain and the sea -- The robin and the violet -- The oak-tree and the ivy -- Margaret: a pearl -- The springtime -- Rodolph and his king -- The Hampshire hills -- Ezra's Thanksgivin' out West -- Ludwig and Eloise -- Fido's little friend -- The old man -- Bill, the lokil editor -- The little yaller baby -- The cyclopeedy -- Dock Stebbins -- The fairies of Pesth. |
| 506 ## - RESTRICTIONS ON ACCESS NOTE | |
| Terms governing access | Public domain in the USA. |
| 516 ## - TYPE OF COMPUTER FILE OR DATA NOTE | |
| Type of computer file or data note | Electronic text |
| 653 ## - INDEX TERM--UNCONTROLLED | |
| Uncontrolled term | Short stories, American |
| 830 #0 - SERIES ADDED ENTRY--UNIFORM TITLE | |
| Uniform title | Project Gutenberg |
| Volume number/sequential designation | 9485 |
| 856 40 - ELECTRONIC LOCATION AND ACCESS | |
| Uniform Resource Identifier | <a href="http://www.gutenberg.org/ebooks/9485">http://www.gutenberg.org/ebooks/9485</a> |
| 942 ## - ADDED ENTRY ELEMENTS (KOHA) | |
| Koha item type | eBooks |
| Withdrawn status | Lost status | Damaged status | Home library | Current library | Date acquired | Total Checkouts | Date last seen | Price effective from | Koha item type |
|---|---|---|---|---|---|---|---|---|---|
| Project Gutenberg | Project Gutenberg | 08/28/2014 | 08/28/2014 | 08/28/2014 | eBooks |